000 00268nam a2200109Ia 4500
008 190216s9999||||xx |||||||||||||| ||und||
100 _aDamodaran N K
245 0 _aMahacharithamala
260 _bKairali Childrens Book Trust
650 _aJeeva Charithram
942 _cBK
999 _c25574
_d25574